000 00707nam a2200193 i 4500
001 172409
003 ES-MaACL
005 20230906214914.0
007 t|
008 090701s1906 sp ||||1| spa d
080 _a595.799
100 1 _aDusmet y Alonso, José María.
_946341
245 1 4 _aLos "ápidos" de España.
_nI I,
_pGénero: caelioxys / por José María Dusmet y Alonso.
260 _aMadrid :
_b[s.n.],
_c1906 (
_fEs. tip. de Fortanet)
300 _aP. [135]-152 ;
_c24 cm.
595 _aSeparata del: Boletín de la Real Sociedad Española de Historia Natural, marzo de 1906.
650 4 _aApidos-
_zEspaña.
_9140925
852 _aES-MaACL
_jT-1472-F-4
_z.- Dedicatoria manuscrita del autor
999 _c172409
_d172409